[Event "Marmelopolis op"]
[Site "Marmelopolis"]
[Date "2024.09.07"]
[Round "3"]
[White "Fortes, Maria Vitoria"]
[Black "Borsato, Ana Carolina Teodor"]
[Result "0-1"]
[WhiteElo "1818"]
[BlackElo "1892"]
[PlyCount "44"]
[EventDate "2024.09.06"]
[EventType "swiss"]
[EventRounds "6"]
[EventCountry "BRA"]
[SourceTitle "EXT 2025"]
[Source "ChessBase"]
[SourceDate "2024.10.14"]
[SourceVersion "1"]
[SourceVersionDate "2024.10.14"]
[SourceQuality "1"]

1. e4 e5 2. Nf3 Nc6 3. Bb5 f5 4. d3 Bc5 5. 0-0 Nf6 6. Bxc6 dxc6 7. exf5 0-0 8. Nxe5 Re8 9. Re1 Bxf2+ 10. Kxf2 Qd4+ 11. Be3 Qxe5 12. Bd2 Qxf5+ 13. Kg1 Bd7 14. Rf1 Qc5+ 15. Kh1 Ng4 16. Be1 Rf8 17. Rxf8+ Rxf8 18. Bg3 Ne3 19. h3 Nxd1 20. Bxc7 Bxh3 21. gxh3 Rf1+ 22. Kg2 Qf2# 0-1

[Event "Marmelopolis op"]
[Site "Marmelopolis"]
[Date "2024.09.07"]
[Round "4"]
[White "Machado, Catarina Monteiro"]
[Black "Fortes, Maria Vitoria"]
[Result "0-1"]
[WhiteElo "1701"]
[BlackElo "1818"]
[PlyCount "62"]
[EventDate "2024.09.06"]
[EventType "swiss"]
[EventRounds "6"]
[EventCountry "BRA"]
[SourceTitle "EXT 2025"]
[Source "ChessBase"]
[SourceDate "2024.10.14"]
[SourceVersion "1"]
[SourceVersionDate "2024.10.14"]
[SourceQuality "1"]

1. d4 Nf6 2. Nf3 g6 3. Bf4 Bg7 4. c3 0-0 5. e3 d6 6. Nbd2 Re8 7. Be2 c6 8. h3 Nbd7 9. Qc2 Nb6 10. e4 c5 11. 0-0 cxd4 12. cxd4 Be6 13. d5 Rc8 14. Qb3 Bd7 15. Bb5 Bxb5 16. Qxb5 a6 17. Qb3 Nbd7 18. Qxb7 Nc5 19. Qb4 Nd3 20. Qb3 Nxf4 21. Qe3 N6h5 22. g4 Nxh3+ 23. Kg2 N5f4+ 24. Kg3 Qd7 25. Kh2 Qxg4 26. Rg1 Qd7 27. Rge1 Qg4 28. Qxf4 Nxf4 29. Nh4 Qxh4+ 30. Kg1 Qh3 31. Re3 Qg2# 0-1